000 00440nam a22001697a 4500
003 MPLRDC
005 20220104123449.0
008 210129b ||||| |||| 00| 0 eng d
082 _a857.623 YHGQ v.8
100 _a张高雄总编辑
245 _a世界超科学神秘传说
_c
260 _a
_b阳铭出版社
_c1990
300 _b
490 _a瀛寰鬼奇世界探秘. 8
650 _a灵异小说
942 _cBK
_o857.623 YHGQ v.8
999 _c11629
_d11619